000
00269nam a22000977a 4500
082
_a
338.954IND.
245
_a
India, planning commission third five year plan.
260
_a
India.
_b
Government of India, Planning Commission.
_c
1962.
300
_a
220p.
_b
23cm.
942
_c
BK
999
_c
13930
_d
13930